000
00208nam a22000857a 4500
001
1235264
005
20250930115908.0
245
_a
AĞAÇTAKİ EV
_c
BİANCA PİTZORNO
260
_b
GÜNIŞIĞI KİTAPLIĞI YAYINLARI
999
_c
1235264
_d
1235264